Normal view
MARC view
- Frias, Clarita R.
Entry Personal Name
001 - CONTROL NUMBER
- control field: 47480
003 - CONTROL NUMBER IDENTIFIER
- control field: OSt
005 - DATE AND TIME OF LATEST TRANSACTION
- control field: 20230126152856.0
008 - FIXED-LENGTH DATA ELEMENTS
- fixed length control field: 230126|| aca||aabn | a|a d
040 ## - CATALOGING SOURCE
- Original cataloging agency: OSt
- Transcribing agency: OSt
100 ## - HEADING--PERSONAL NAME
- Personal name: Frias, Clarita R.
- Relator term: author.
670 ## - SOURCE DATA FOUND
- Source citation: Work cat.: (OSt): Frias, Clarita R. author., Rabies:, October 2017.
